| 000 | 00960cam a2200157ua 4500 | ||
|---|---|---|---|
| 041 |
_aeng _h |
||
| 082 |
_a624.131 _bIND/CO |
||
| 110 | 1 |
_aIndian Standards Institution . _b _c(New Delhi ) |
|
| 245 |
_aCode of practice for in-situ permeability tests, IS 5529(Part 1)-1985 / _cIndian Standards Institution. _hTextual Documents |
||
| 250 |
_a1 / _b. |
||
| 260 |
_aNew Delhi : _bIndian Standards Institution , _c1986. |
||
| 300 | _a41 ; . | ||
| 504 | _a | ||
| 942 | _cBK | ||
| 999 |
_c7735 _d7735 |
||